|
|
|
|
| LEADER |
01154naa a2200241 i 4500 |
| 001 |
acta78059 |
| 005 |
20230125093816.0 |
| 008 |
230125s2021 hu o 1|| hun d |
| 020 |
|
|
|a 978-963-306-824-3
|
| 040 |
|
|
|a SZTE Egyetemi Kiadványok Repozitórium
|b hun
|
| 041 |
|
|
|a hun
|
| 100 |
1 |
|
|a Jaromi Melinda
|
| 245 |
1 |
0 |
|a Vénás áramlási sebesség vizsgálat lehetőségei és eredményei a fizioterápiában
|h [elektronikus dokumentum] :
|b [absztrakt] /
|c Jaromi Melinda
|
| 260 |
|
|
|a Szegedi Tudományegyetem Egészségtudományi és Szociális Képzési Kar
|b Szeged
|c 2021
|
| 300 |
|
|
|a 17
|
| 490 |
0 |
|
|a Kihívások a 21. században 30 éves a szegedi gyógytornászképzés
|
| 650 |
|
4 |
|a Orvos- és egészségtudomány
|
| 650 |
|
4 |
|a Egészségtudományok
|
| 650 |
|
4 |
|a Társadalomtudományok
|
| 650 |
|
4 |
|a Oktatástudomány
|
| 695 |
|
|
|a Gyógytorna - képzés - Magyarország - előadáskivonat, Fizioterápia - előadáskivonat
|
| 711 |
|
|
|a Kihívások a 21. században : 30 éves a szegedi gyógytornászképzés
|c Online
|d 2021. október 15.
|
| 856 |
4 |
0 |
|u http://acta.bibl.u-szeged.hu/78059/1/etszk_kongresszusi_kiadvany_2021_017.pdf
|z Dokumentum-elérés
|